[Event "DVM U12 2024"]
[Site "Heidelberg GER"]
[Date "2024.12.27"]
[Round "2"]
[White "Fadeev, Justin Michael"]
[Black "Gersemann, Karl"]
[Result "1-0"]
[Termination "normal"]
[Board "2.1"]
[WhiteElo "1893"]
[BlackElo "2012"]
[WhiteClock "00:15:54"]
[BlackClock "00:30:37"]
[WhiteTeam "Barnimer SF im SV Stahl Finow"]
[BlackTeam "TSG Oberschöneweide"]
[PlyCount "85"]
[WhiteFideId "34602968"]
[BlackFideId "34602186"]
[EventCountry "GER"]
[EventRounds "7"]
[EventType "team-swiss"]
[EventDate "2024.12.26"]

1. e4 {[%clk 01:30:57]} {[%emt 00:00:02]} e5 {[%clk 01:30:55]} {[%emt
00:00:05]} 2. Nf3 {[%clk 01:31:25]} {[%emt 00:00:03]} Nc6 {[%clk 01:31:19]}
{[%emt 00:00:05]} 3. d4 {[%clk 01:31:52]} {[%emt 00:00:04]} exd4 {[%clk
01:31:45]} {[%emt 00:00:04]} 4. Bc4 {[%clk 01:32:19]} {[%emt 00:00:03]} Bc5
{[%clk 01:32:10]} {[%emt 00:00:05]} 5. c3 {[%clk 01:32:45]} {[%emt 00:00:05]}
Nf6 {[%clk 01:32:34]} {[%emt 00:00:05]} 6. e5 {[%clk 01:32:41]} {[%emt
00:00:35]} d5 {[%clk 01:32:54]} {[%emt 00:00:09]} 7. Bb5 {[%clk 01:33:03]}
{[%emt 00:00:08]} Ne4 {[%clk 01:32:59]} {[%emt 00:00:24]} 8. cxd4 {[%clk
01:33:28]} {[%emt 00:00:06]} Bb6 {[%clk 01:33:21]} {[%emt 00:00:07]} 9. Be3
{[%clk 01:33:30]} {[%emt 00:00:29]} O-O {[%clk 01:32:21]} {[%emt 00:01:30]} 10.
Nc3 {[%clk 01:33:32]} {[%emt 00:00:28]} f6 {[%clk 01:30:53]} {[%emt 00:01:57]}
11. exf6 {[%emt 00:00:58]} Rxf6 {[%clk 01:30:11]} {[%emt 00:01:08]} 12. Bxc6
{[%clk 01:14:49]} {[%emt 00:18:48]} bxc6 {[%clk 01:29:15]} {[%emt 00:01:25]}
13. Ne5 {[%clk 01:13:21]} {[%emt 00:01:59]} Ba6 {[%clk 01:25:50]} {[%emt
00:03:54]} 14. Qa4 {[%clk 01:04:59]} {[%emt 00:08:53]} Bb7 {[%clk 01:17:39]}
{[%emt 00:08:41]} 15. Nxe4 {[%clk 01:01:39]} {[%emt 00:03:51]} dxe4 {[%clk
01:17:56]} {[%emt 00:00:13]} 16. Bg5 {[%clk 01:01:41]} {[%emt 00:00:27]} Qxd4
{[%clk 01:17:36]} {[%emt 00:00:50]} 17. Qxd4 {[%clk 01:00:43]} {[%emt
00:01:28]} Bxd4 {[%clk 01:17:58]} {[%emt 00:00:08]} 18. Bxf6 {[%clk 01:01:02]}
{[%emt 00:00:12]} gxf6 {[%clk 01:18:20]} {[%emt 00:00:07]} 19. Nc4 {[%clk
01:00:37]} {[%emt 00:00:55]} a5 {[%clk 01:16:51]} {[%emt 00:01:59]} 20. O-O
{[%clk 00:58:34]} {[%emt 00:02:33]} a4 {[%clk 01:16:21]} {[%emt 00:01:00]} 21.
Rac1 {[%clk 00:57:40]} {[%emt 00:01:24]} c5 {[%clk 01:16:34]} {[%emt 00:00:17]}
22. Ne3 {[%clk 00:53:41]} {[%emt 00:04:29]} Ba6 {[%clk 01:00:33]} {[%emt
00:16:31]} 23. Rfd1 {[%clk 00:50:09]} {[%emt 00:04:02]} Bd3 {[%clk 00:55:44]}
{[%emt 00:05:19]} 24. Nf5 {[%clk 00:45:45]} {[%emt 00:04:54]} Rb8 {[%clk
00:47:34]} {[%emt 00:08:42]} 25. Nxd4 {[%clk 00:42:40]} {[%emt 00:03:35]} cxd4
{[%clk 00:47:57]} {[%emt 00:00:07]} 26. Rd2 {[%clk 00:42:42]} {[%emt 00:00:29]}
Rb7 {[%clk 00:44:24]} {[%emt 00:04:03]} 27. Rc5 {[%clk 00:37:39]} {[%emt
00:05:32]} Kf7 {[%clk 00:38:53]} {[%emt 00:05:59]} 28. f3 {[%clk 00:36:16]}
{[%emt 00:01:54]} f5 {[%clk 00:34:36]} {[%emt 00:04:48]} 29. Rxf5+ {[%clk
00:34:22]} {[%emt 00:02:24]} Ke6 {[%clk 00:34:27]} {[%emt 00:00:37]} 30. fxe4
{[%clk 00:33:54]} {[%emt 00:00:59]} Bxe4 {[%clk 00:34:47]} {[%emt 00:00:09]}
31. Rc5 {[%clk 00:26:07]} {[%emt 00:08:18]} Kd6 {[%clk 00:33:13]} {[%emt
00:02:04]} 32. Rc4 {[%clk 00:26:24]} {[%emt 00:00:14]} c5 {[%clk 00:33:38]}
{[%emt 00:00:04]} 33. Rxa4 {[%clk 00:26:37]} {[%emt 00:00:17]} h5 {[%clk
00:31:12]} {[%emt 00:02:56]} 34. b4 {[%clk 00:25:17]} {[%emt 00:01:51]} d3
{[%clk 00:29:36]} {[%emt 00:02:06]} 35. bxc5+ {[%clk 00:25:03]} {[%emt
00:00:44]} Ke5 {[%clk 00:29:57]} {[%emt 00:00:09]} 36. Kf2 {[%clk 00:21:37]}
{[%emt 00:03:56]} Rb1 {[%clk 00:30:03]} {[%emt 00:00:24]} 37. c6 {[%clk
00:17:36]} {[%emt 00:04:31]} Rc1 {[%clk 00:30:11]} {[%emt 00:00:21]} 38. Ke3
{[%clk 00:16:52]} {[%emt 00:01:15]} Re1+ {[%clk 00:30:35]} {[%emt 00:00:07]}
39. Kf2 {[%clk 00:17:17]} {[%emt 00:00:04]} Rc1 {[%clk 00:30:39]} {[%emt
00:00:06]} 40. c7 {[%clk 00:16:53]} {[%emt 00:01:14]} Rxc7 {[%clk 00:30:10]}
{[%emt 00:00:59]} 41. Ke3 {[%clk 00:16:41]} {[%emt 00:00:43]} Bf5 {[%clk
00:30:28]} {[%emt 00:00:11]} 42. Ra5+ {[%clk 00:15:53]} {[%emt 00:01:19]} Kf6
{[%clk 00:30:37]} {[%emt 00:00:20]} 43. Rf2 {[%clk 00:15:54]} {[%emt 00:00:31]}
1-0

[Event "DVM U12 2024"]
[Site "Heidelberg GER"]
[Date "2024.12.27"]
[Round "2"]
[White "Berger, Friedrich Richard"]
[Black "Leonhardt, Max"]
[Result "1/2-1/2"]
[Termination "normal"]
[Board "2.2"]
[WhiteElo "1658"]
[BlackElo "1735"]
[WhiteClock "00:28:50"]
[BlackClock "00:55:47"]
[WhiteTeam "TSG Oberschöneweide"]
[BlackTeam "Barnimer SF im SV Stahl Finow"]
[PlyCount "68"]
[WhiteFideId "34663169"]
[BlackFideId "34623647"]
[EventCountry "GER"]
[EventRounds "7"]
[EventType "team-swiss"]
[EventDate "2024.12.26"]

1. e4 {[%clk 01:30:52]} {[%emt 00:00:07]} e6 {[%clk 01:30:57]} {[%emt
00:00:04]} 2. d4 {[%clk 01:31:08]} {[%emt 00:00:13]} d5 {[%clk 01:31:23]}
{[%emt 00:00:04]} 3. Nc3 {[%clk 01:30:55]} {[%emt 00:00:43]} dxe4 {[%clk
01:31:48]} {[%emt 00:00:06]} 4. Nxe4 {[%clk 01:31:19]} {[%emt 00:00:06]} Nd7
{[%clk 01:32:13]} {[%emt 00:00:04]} 5. Nf3 {[%clk 01:31:17]} {[%emt 00:00:32]}
Ngf6 {[%clk 01:32:36]} {[%emt 00:00:07]} 6. Nxf6+ {[%clk 01:30:32]} {[%emt
00:01:16]} Nxf6 {[%clk 01:33:00]} {[%emt 00:00:07]} 7. Bd3 {[%clk 01:29:35]}
{[%emt 00:01:26]} Be7 {[%clk 01:33:08]} {[%emt 00:00:22]} 8. Bg5 {[%clk
01:27:26]} {[%emt 00:02:38]} b6 {[%clk 01:32:47]} {[%emt 00:00:52]} 9. Qe2
{[%clk 01:25:30]} {[%emt 00:02:24]} Bb7 {[%clk 01:32:15]} {[%emt 00:01:03]} 10.
c3 {[%clk 01:23:40]} {[%emt 00:02:20]} a6 {[%clk 01:31:33]} {[%emt 00:01:12]}
11. Bxf6 {[%clk 01:19:18]} {[%emt 00:04:52]} Bxf6 {[%clk 01:31:25]} {[%emt
00:00:38]} 12. Be4 {[%clk 01:18:29]} {[%emt 00:01:19]} Bd5 {[%clk 01:30:04]}
{[%emt 00:01:51]} 13. O-O {[%clk 01:15:59]} {[%emt 00:03:00]} O-O {[%clk
01:29:48]} {[%emt 00:00:47]} 14. Rfe1 {[%clk 01:14:28]} {[%emt 00:02:01]} b5
{[%clk 01:28:59]} {[%emt 00:01:19]} 15. Bxd5 {[%clk 01:14:11]} {[%emt
00:00:47]} Qxd5 {[%clk 01:29:13]} {[%emt 00:00:16]} 16. Qe4 {[%clk 01:10:42]}
{[%emt 00:03:58]} Rfd8 {[%clk 01:28:47]} {[%emt 00:00:56]} 17. Ne5 {[%emt
00:04:04]} c5 {[%clk 01:27:58]} 18. dxc5 {[%clk 01:03:08]} {[%emt 00:05:50]}
Qxc5 {[%clk 01:25:55]} {[%emt 00:02:33]} 19. Nd7 {[%clk 00:57:44]} {[%emt
00:05:52]} Qe7 {[%clk 01:23:20]} {[%emt 00:03:08]} 20. Nxf6+ {[%clk 00:57:35]}
{[%emt 00:00:39]} Qxf6 {[%clk 01:23:38]} {[%emt 00:00:12]} 21. Rad1 {[%emt
00:02:44]} g6 {[%clk 01:19:15]} {[%emt 00:03:48]} 22. g3 {[%clk 00:53:21]}
{[%emt 00:03:33]} Kg7 {[%clk 01:19:08]} {[%emt 00:00:37]} 23. Kg2 {[%clk
00:52:09]} {[%emt 00:01:42]} h5 {[%clk 01:18:03]} {[%emt 00:01:35]} 24. Rd4
{[%clk 00:45:47]} {[%emt 00:06:52]} Rxd4 {[%clk 01:17:29]} {[%emt 00:01:05]}
25. Qxd4 {[%clk 00:41:59]} {[%emt 00:04:18]} Qxd4 {[%clk 01:17:33]} {[%emt
00:00:26]} 26. cxd4 {[%clk 00:42:23]} {[%emt 00:00:05]} Rc8 {[%clk 01:15:50]}
{[%emt 00:02:13]} 27. Re2 {[%clk 00:42:25]} {[%emt 00:00:25]} Kf6 {[%clk
01:14:37]} {[%emt 00:01:46]} 28. Kf3 {[%clk 00:41:26]} {[%emt 00:01:29]} a5
{[%clk 01:12:32]} {[%emt 00:02:35]} 29. Re5 {[%clk 00:37:53]} {[%emt 00:04:00]}
Rb8 {[%clk 01:11:40]} {[%emt 00:01:25]} 30. b3 {[%clk 00:35:13]} {[%emt
00:03:10]} Ke7 {[%clk 01:08:46]} {[%emt 00:03:23]} 31. Rc5 {[%clk 00:32:59]}
{[%emt 00:02:42]} Kd6 {[%clk 01:06:13]} {[%emt 00:03:05]} 32. Ke4 {[%clk
00:32:12]} {[%emt 00:01:12]} f6 {[%clk 01:04:19]} {[%emt 00:02:29]} 33. f4
{[%clk 00:31:36]} {[%emt 00:01:05]} Rb6 {[%clk 01:02:21]} {[%emt 00:02:29]} 34.
h3 {[%clk 00:28:50]} {[%emt 00:03:16]} f5+ {[%clk 00:55:47]} {[%emt 00:06:18]}
1/2-1/2

[Event "DVM U12 2024"]
[Site "Heidelberg GER"]
[Date "2024.12.27"]
[Round "2"]
[White "Schmidt, Jossip"]
[Black "Vu, Khoi Nguyen"]
[Result "0-1"]
[Termination "normal"]
[Board "2.3"]
[WhiteElo "1687"]
[BlackElo "1730"]
[WhiteClock "00:24:08"]
[BlackClock "00:19:33"]
[WhiteTeam "Barnimer SF im SV Stahl Finow"]
[BlackTeam "TSG Oberschöneweide"]
[PlyCount "143"]
[WhiteFideId "34621148"]
[BlackFideId "34605088"]
[EventCountry "GER"]
[EventRounds "7"]
[EventType "team-swiss"]
[EventDate "2024.12.26"]

1. e4 {[%clk 01:30:55]} {[%emt 00:00:03]} e5 {[%clk 01:30:55]} {[%emt
00:00:07]} 2. Nf3 {[%clk 01:31:20]} {[%emt 00:00:04]} Nc6 {[%clk 01:31:21]}
{[%emt 00:00:04]} 3. Bc4 {[%clk 01:31:24]} {[%emt 00:00:26]} Bc5 {[%clk
01:31:43]} {[%emt 00:00:08]} 4. Nc3 {[%clk 01:30:46]} {[%emt 00:01:06]} Nf6
{[%clk 01:31:53]} {[%emt 00:00:22]} 5. d3 {[%clk 01:30:15]} {[%emt 00:01:00]}
d6 {[%clk 01:31:45]} {[%emt 00:00:39]} 6. h3 {[%clk 01:30:28]} {[%emt
00:00:15]} Be6 {[%clk 01:32:06]} {[%emt 00:00:11]} 7. Bb3 {[%clk 01:29:54]}
{[%emt 00:01:04]} Qd7 {[%clk 01:31:07]} {[%emt 00:01:29]} 8. Be3 {[%clk
01:29:58]} {[%emt 00:00:25]} Bb6 {[%clk 01:31:30]} {[%emt 00:00:08]} 9. Qd2
{[%clk 01:30:18]} {[%emt 00:00:09]} O-O-O {[%clk 01:31:25]} {[%emt 00:00:35]}
10. O-O-O {[%clk 01:30:34]} {[%emt 00:00:14]} h6 {[%clk 01:28:50]} {[%emt
00:03:06]} 11. Bxb6 {[%clk 01:26:24]} {[%emt 00:04:39]} axb6 {[%clk 01:29:03]}
{[%emt 00:00:16]} 12. Nd5 {[%clk 01:25:52]} {[%emt 00:01:03]} Bxd5 {[%clk
01:29:05]} {[%emt 00:00:28]} 13. exd5 {[%clk 01:25:57]} {[%emt 00:00:26]} Na5
{[%clk 01:24:44]} {[%emt 00:04:48]} 14. c4 {[%clk 01:23:27]} {[%emt 00:03:01]}
Nxb3+ {[%clk 01:24:14]} {[%emt 00:01:02]} 15. axb3 {[%clk 01:23:51]} {[%emt
00:00:07]} Qe8 {[%clk 01:20:08]} {[%emt 00:04:34]} 16. Rhe1 {[%clk 01:14:28]}
{[%emt 00:09:53]} Nd7 {[%clk 01:16:23]} {[%emt 00:04:15]} 17. b4 {[%clk
01:13:43]} {[%emt 00:01:15]} Nb8 {[%clk 01:13:40]} {[%emt 00:03:12]} 18. Qc3
{[%clk 01:06:56]} {[%emt 00:07:18]} Qa4 {[%clk 01:04:10]} {[%emt 00:10:00]} 19.
Qa3 {[%clk 01:06:12]} {[%emt 00:01:13]} Qxa3 {[%clk 00:59:36]} {[%emt
00:05:05]} 20. bxa3 {[%clk 01:06:35]} {[%emt 00:00:05]} g5 {[%clk 00:56:15]}
{[%emt 00:03:52]} 21. d4 {[%clk 01:03:01]} {[%emt 00:04:04]} f6 {[%clk
00:55:24]} {[%emt 00:01:21]} 22. dxe5 {[%clk 01:03:17]} {[%emt 00:00:14]} fxe5
{[%clk 00:55:45]} {[%emt 00:00:09]} 23. Nd2 {[%clk 01:03:31]} {[%emt 00:00:15]}
Rhf8 {[%clk 00:55:21]} {[%emt 00:00:54]} 24. Ne4 {[%clk 01:02:41]} {[%emt
00:01:20]} Nd7 {[%clk 00:55:12]} {[%emt 00:00:40]} 25. f3 {[%clk 01:00:44]}
{[%emt 00:02:27]} Nf6 {[%clk 00:53:39]} {[%emt 00:02:03]} 26. Kc2 {[%clk
00:58:04]} {[%emt 00:03:11]} Nxe4 {[%clk 00:52:27]} {[%emt 00:01:42]} 27. Rxe4
{[%clk 00:57:27]} {[%emt 00:01:07]} Rf4 {[%clk 00:51:12]} {[%emt 00:01:45]} 28.
Rde1 {[%clk 00:56:35]} {[%emt 00:01:22]} Kd7 {[%clk 00:50:28]} {[%emt
00:01:14]} 29. Kd3 {[%clk 00:56:09]} {[%emt 00:00:54]} Ra8 {[%clk 00:49:14]}
{[%emt 00:01:47]} 30. Ra1 {[%clk 00:55:59]} {[%emt 00:00:39]} Ke7 {[%clk
00:47:51]} {[%emt 00:01:53]} 31. Ke3 {[%clk 00:54:35]} {[%emt 00:01:54]} Raf8
{[%clk 00:47:46]} {[%emt 00:00:36]} 32. Rc1 {[%clk 00:54:02]} {[%emt 00:01:02]}
Ra8 {[%clk 00:45:16]} {[%emt 00:03:01]} 33. Rc3 {[%clk 00:53:20]} {[%emt
00:01:11]} Rff8 {[%clk 00:45:28]} {[%emt 00:00:18]} 34. c5 {[%clk 00:52:19]}
{[%emt 00:01:32]} bxc5 {[%clk 00:38:23]} {[%emt 00:07:35]} 35. bxc5 {[%clk
00:52:35]} {[%emt 00:00:13]} Kd7 {[%clk 00:37:20]} {[%emt 00:01:34]} 36. Rec4
{[%clk 00:50:05]} {[%emt 00:02:59]} Rf4 {[%clk 00:36:06]} {[%emt 00:01:44]} 37.
c6+ {[%clk 00:49:23]} {[%emt 00:01:12]} bxc6 {[%clk 00:36:02]} {[%emt
00:00:35]} 38. dxc6+ {[%clk 00:47:31]} {[%emt 00:02:20]} Ke6 {[%clk 00:36:03]}
{[%emt 00:00:28]} 39. Rxf4 {[%clk 00:46:55]} {[%emt 00:01:09]} gxf4+ {[%clk
00:36:22]} {[%emt 00:00:11]} 40. Kf2 {[%clk 00:44:12]} {[%emt 00:03:12]} Ra6
{[%clk 00:36:01]} {[%emt 00:00:51]} 41. g4 {[%clk 00:42:40]} {[%emt 00:02:01]}
fxg3+ {[%clk 00:36:20]} {[%emt 00:00:12]} 42. Kxg3 {[%clk 00:42:33]} {[%emt
00:00:38]} d5 {[%clk 00:34:59]} {[%emt 00:01:50]} 43. Kg4 {[%clk 00:42:06]}
{[%emt 00:00:57]} Kd6 {[%clk 00:34:47]} {[%emt 00:00:43]} 44. Kf5 {[%clk
00:42:24]} {[%emt 00:00:12]} d4 {[%clk 00:34:10]} {[%emt 00:01:07]} 45. Rd3
{[%clk 00:40:53]} {[%emt 00:02:01]} Rxc6 {[%clk 00:33:40]} {[%emt 00:00:59]}
46. f4 {[%clk 00:41:12]} {[%emt 00:00:11]} Rc5 {[%clk 00:31:13]} {[%emt
00:02:58]} 47. Ke4 {[%clk 00:40:22]} {[%emt 00:01:20]} Ke6 {[%clk 00:30:27]}
{[%emt 00:01:15]} 48. fxe5 {[%clk 00:40:00]} {[%emt 00:00:52]} Rxe5+ {[%clk
00:25:52]} {[%emt 00:05:06]} 49. Kxd4 {[%clk 00:39:31]} {[%emt 00:00:58]} Kd6
{[%clk 00:23:56]} {[%emt 00:02:26]} 50. Kc4+ {[%clk 00:37:06]} {[%emt
00:02:56]} Kc6 {[%clk 00:24:06]} {[%emt 00:00:18]} 51. Rg3 {[%clk 00:35:49]}
{[%emt 00:01:48]} Re4+ {[%clk 00:22:42]} {[%emt 00:01:55]} 52. Kd3 {[%clk
00:32:06]} {[%emt 00:04:13]} Kd5 {[%clk 00:20:58]} {[%emt 00:02:12]} 53. Rg6
{[%clk 00:30:36]} {[%emt 00:02:00]} Rh4 {[%clk 00:21:18]} {[%emt 00:00:09]} 54.
Rg3 {[%clk 00:31:02]} {[%emt 00:00:06]} Ra4 {[%clk 00:21:40]} {[%emt 00:00:08]}
55. Kc2 {[%clk 00:31:10]} {[%emt 00:00:22]} c5 {[%clk 00:21:03]} {[%emt
00:01:07]} 56. Kb3 {[%clk 00:30:12]} {[%emt 00:01:28]} Ra6 {[%clk 00:21:12]}
{[%emt 00:00:21]} 57. Rg4 {[%clk 00:28:09]} {[%emt 00:02:33]} Re6 {[%clk
00:20:58]} {[%emt 00:00:44]} 58. Rc4 {[%clk 00:26:16]} {[%emt 00:02:23]} Re3+
{[%clk 00:19:30]} {[%emt 00:01:58]} 59. Rc3 {[%clk 00:26:03]} {[%emt 00:00:44]}
c4+ {[%clk 00:19:39]} {[%emt 00:00:20]} 60. Kb4 {[%clk 00:25:28]} {[%emt
00:01:04]} Re1 {[%clk 00:19:12]} {[%emt 00:00:57]} 61. Rc2 {[%clk 00:24:44]}
{[%emt 00:01:14]} Rb1+ {[%clk 00:19:21]} {[%emt 00:00:20]} 62. Ka4 {[%clk
00:23:22]} {[%emt 00:01:53]} Kd4 {[%clk 00:18:40]} {[%emt 00:01:11]} 63. Rd2
{[%clk 00:23:42]} {[%emt 00:00:10]} Ke3 {[%clk 00:18:47]} {[%emt 00:00:20]} 64.
Rg2 {[%clk 00:23:27]} {[%emt 00:00:48]} c3 {[%clk 00:17:15]} {[%emt 00:02:02]}
65. Rg3+ {[%clk 00:23:50]} {[%emt 00:00:07]} Kd4 {[%clk 00:17:36]} {[%emt
00:00:07]} 66. Rg4 {[%clk 00:23:21]} {[%emt 00:01:08]} Kd5 {[%clk 00:17:51]}
{[%emt 00:00:09]} 67. Rg2 {[%clk 00:22:46]} {[%emt 00:01:10]} Rb2 {[%clk
00:18:13]} {[%emt 00:00:08]} 68. Rg8 {[%clk 00:22:33]} {[%emt 00:00:43]} c2
{[%clk 00:18:31]} {[%emt 00:00:11]} 69. Rc8 {[%clk 00:22:53]} {[%emt 00:00:10]}
Kd4 {[%clk 00:18:47]} {[%emt 00:00:13]} 70. Rd8 {[%clk 00:23:19]} {[%emt
00:00:05]} Kc3 {[%clk 00:19:10]} {[%emt 00:00:05]} 71. Rc8+ {[%clk 00:23:40]}
{[%emt 00:00:12]} Kd2 {[%clk 00:19:33]} {[%emt 00:00:06]} 72. Rd8+ {[%clk
00:24:08]} {[%emt 00:00:04]} 0-1

[Event "DVM U12 2024"]
[Site "Heidelberg GER"]
[Date "2024.12.27"]
[Round "2"]
[White "Tryk, Paul-Luca"]
[Black "Podousov, Andrii"]
[Result "1-0"]
[Termination "normal"]
[Board "2.4"]
[WhiteElo "1778"]
[BlackElo "1105"]
[WhiteClock "01:24:40"]
[BlackClock "01:10:51"]
[WhiteTeam "TSG Oberschöneweide"]
[BlackTeam "Barnimer SF im SV Stahl Finow"]
[PlyCount "39"]
[WhiteFideId "34698515"]
[EventCountry "GER"]
[EventRounds "7"]
[EventType "team-swiss"]
[EventDate "2024.12.26"]

1. e4 {[%clk 01:30:55]} {[%emt 00:00:04]} e5 {[%clk 01:30:55]} {[%emt
00:00:05]} 2. Nf3 {[%clk 01:31:12]} {[%emt 00:00:13]} Nc6 {[%clk 01:31:14]}
{[%emt 00:00:12]} 3. Bc4 {[%clk 01:31:33]} {[%emt 00:00:09]} Bc5 {[%clk
01:31:38]} {[%emt 00:00:05]} 4. c3 {[%clk 01:31:50]} {[%emt 00:00:12]} Nf6
{[%clk 01:32:02]} {[%emt 00:00:06]} 5. d3 {[%clk 01:32:05]} {[%emt 00:00:15]}
h6 {[%clk 01:31:52]} {[%emt 00:00:42]} 6. O-O {[%clk 01:32:21]} {[%emt
00:00:13]} O-O {[%clk 01:32:14]} {[%emt 00:00:08]} 7. Re1 {[%clk 01:32:34]}
{[%emt 00:00:18]} d6 {[%clk 01:31:31]} {[%emt 00:01:12]} 8. Nbd2 {[%clk
01:32:38]} {[%emt 00:00:26]} Bg4 {[%clk 01:31:11]} {[%emt 00:00:48]} 9. h3
{[%clk 01:32:59]} {[%emt 00:00:12]} Bh5 {[%clk 01:31:25]} {[%emt 00:00:16]} 10.
Nf1 {[%clk 01:33:20]} {[%emt 00:00:08]} d5 {[%clk 01:24:54]} {[%emt 00:07:01]}
11. exd5 {[%clk 01:33:08]} {[%emt 00:00:42]} Nxd5 {[%clk 01:25:00]} {[%emt
00:00:24]} 12. Ng3 {[%clk 01:33:24]} {[%emt 00:00:14]} Bxf3 {[%clk 01:23:46]}
{[%emt 00:01:44]} 13. Qxf3 {[%clk 01:33:45]} {[%emt 00:00:09]} Nf6 {[%clk
01:23:39]} {[%emt 00:00:37]} 14. Nf5 {[%clk 01:32:45]} {[%emt 00:01:29]} Re8
{[%clk 01:16:09]} {[%emt 00:08:01]} 15. Qg3 {[%clk 01:28:41]} {[%emt 00:04:34]}
Bf8 {[%clk 01:16:13]} {[%emt 00:00:24]} 16. Nxh6+ {[%clk 01:28:16]} {[%emt
00:00:57]} Kh7 {[%clk 01:15:40]} {[%emt 00:01:02]} 17. Nxf7 {[%clk 01:28:27]}
{[%emt 00:00:20]} Qd7 {[%clk 01:13:31]} {[%emt 00:02:40]} 18. Ng5+ {[%clk
01:26:55]} {[%emt 00:02:00]} Kg6 {[%clk 01:11:11]} {[%emt 00:02:51]} 19. Bf7+
{[%clk 01:24:50]} {[%emt 00:02:35]} Kf5 {[%clk 01:10:51]} {[%emt 00:00:50]} 20.
Qf3# {[%clk 01:24:40]} {[%emt 00:00:40]} 1-0

[Event "DVM U12 2024"]
[Site "Heidelberg GER"]
[Date "2024.12.27"]
[Round "2"]
[White "Vartanian, Roman"]
[Black "Zimmer, Tim"]
[Result "1-0"]
[Termination "normal"]
[Board "3.1"]
[WhiteElo "1853"]
[BlackElo "1846"]
[WhiteClock "00:01:46"]
[BlackClock "00:00:36"]
[WhiteTeam "Düsseldorfer SK 14/25"]
[BlackTeam "SV Werder Bremen"]
[PlyCount "79"]
[WhiteFideId "34140107"]
[BlackFideId "34603115"]
[EventCountry "GER"]
[EventRounds "7"]
[EventType "team-swiss"]
[EventDate "2024.12.26"]

1. Nf3 {[%clk 01:30:56]} {[%emt 00:00:03]} Nf6 {[%clk 01:30:18]} {[%emt
00:00:42]} 2. d4 {[%clk 01:31:20]} {[%emt 00:00:07]} e6 {[%clk 01:30:17]}
{[%emt 00:00:30]} 3. c4 {[%clk 01:31:45]} {[%emt 00:00:05]} b6 {[%clk
01:30:29]} {[%emt 00:00:18]} 4. Nc3 {[%clk 01:32:01]} {[%emt 00:00:14]} Bb7
{[%clk 01:30:16]} {[%emt 00:00:43]} 5. Bf4 {[%clk 01:31:07]} {[%emt 00:01:24]}
Bb4 {[%clk 01:27:55]} {[%emt 00:02:52]} 6. Qc2 {[%clk 01:26:24]} {[%emt
00:05:13]} Bxc3+ {[%clk 01:23:51]} {[%emt 00:04:34]} 7. Qxc3 {[%clk 01:26:43]}
{[%emt 00:00:11]} d6 {[%clk 01:22:33]} {[%emt 00:01:48]} 8. e3 {[%clk
01:25:50]} {[%emt 00:01:23]} Nbd7 {[%clk 01:21:44]} {[%emt 00:01:19]} 9. Be2
{[%clk 01:24:31]} {[%emt 00:01:50]} Qe7 {[%clk 01:21:16]} {[%emt 00:00:58]} 10.
h3 {[%clk 01:13:07]} {[%emt 00:11:54]} Rc8 {[%clk 01:17:43]} {[%emt 00:04:02]}
11. O-O {[%clk 01:11:14]} {[%emt 00:02:24]} O-O {[%clk 01:17:29]} {[%emt
00:00:42]} 12. Rfd1 {[%clk 01:06:52]} {[%emt 00:04:53]} h6 {[%clk 01:08:06]}
{[%emt 00:09:53]} 13. Qc2 {[%clk 01:02:10]} {[%emt 00:05:13]} Ne4 {[%clk
00:58:24]} {[%emt 00:10:12]} 14. Nd2 {[%clk 00:47:09]} {[%emt 00:15:32]} f5
{[%clk 00:52:15]} {[%emt 00:06:39]} 15. Nxe4 {[%clk 00:39:44]} {[%emt
00:07:55]} Bxe4 {[%clk 00:51:48]} {[%emt 00:00:56]} 16. Bd3 {[%clk 00:35:35]}
{[%emt 00:04:39]} Bxd3 {[%clk 00:49:33]} {[%emt 00:02:45]} 17. Qxd3 {[%clk
00:34:52]} {[%emt 00:01:14]} Nf6 {[%clk 00:49:28]} {[%emt 00:00:35]} 18. Bh2
{[%clk 00:32:58]} {[%emt 00:02:24]} Nd7 {[%clk 00:41:39]} {[%emt 00:08:19]} 19.
e4 {[%clk 00:22:57]} {[%emt 00:10:31]} f4 {[%clk 00:37:20]} {[%emt 00:04:49]}
20. Qa3 {[%clk 00:19:53]} {[%emt 00:03:35]} f3 {[%clk 00:34:28]} {[%emt
00:03:20]} 21. gxf3 {[%clk 00:13:27]} {[%emt 00:06:57]} Rf6 {[%clk 00:17:47]}
{[%emt 00:17:11]} 22. Bg3 {[%clk 00:09:23]} {[%emt 00:04:34]} Rcf8 {[%clk
00:15:44]} {[%emt 00:02:33]} 23. f4 {[%clk 00:08:27]} {[%emt 00:01:26]} Rg6
{[%clk 00:13:32]} {[%emt 00:02:42]} 24. Qf3 {[%clk 00:05:28]} {[%emt 00:03:29]}
Nf6 {[%clk 00:05:26]} {[%emt 00:08:36]} 25. Kh2 {[%clk 00:04:27]} {[%emt
00:01:31]} h5 {[%clk 00:05:18]} {[%emt 00:00:38]} 26. e5 {[%clk 00:04:07]}
{[%emt 00:00:51]} h4 {[%clk 00:04:30]} {[%emt 00:01:17]} 27. Bxh4 {[%clk
00:02:22]} {[%emt 00:02:13]} Ng4+ {[%clk 00:04:49]} {[%emt 00:00:13]} 28. Qxg4
{[%clk 00:02:36]} {[%emt 00:00:16]} Qe8 {[%clk 00:03:57]} {[%emt 00:01:19]} 29.
Bg5 {[%clk 00:02:51]} {[%emt 00:00:18]} Qc6 {[%clk 00:04:20]} {[%emt 00:00:05]}
30. exd6 {[%clk 00:01:41]} {[%emt 00:01:42]} cxd6 {[%clk 00:03:24]} {[%emt
00:01:25]} 31. d5 {[%clk 00:01:28]} {[%emt 00:00:44]} Qxc4 {[%clk 00:03:10]}
{[%emt 00:00:44]} 32. dxe6 {[%clk 00:01:25]} {[%emt 00:00:33]} Rxe6 {[%clk
00:02:16]} {[%emt 00:01:23]} 33. Rd4 {[%clk 00:00:44]} {[%emt 00:01:11]} Qxd4
{[%clk 00:02:00]} {[%emt 00:00:47]} 34. Qxe6+ {[%clk 00:01:11]} {[%emt
00:00:04]} Kh8 {[%clk 00:02:14]} {[%emt 00:00:14]} 35. Qe2 {[%clk 00:00:52]}
{[%emt 00:00:50]} d5 {[%clk 00:01:56]} {[%emt 00:00:48]} 36. Rd1 {[%clk
00:01:06]} {[%emt 00:00:17]} Qa4 {[%clk 00:01:09]} {[%emt 00:01:17]} 37. Rxd5
{[%clk 00:00:57]} {[%emt 00:00:39]} Re8 {[%clk 00:01:22]} {[%emt 00:00:15]} 38.
Re5 {[%clk 00:01:12]} {[%emt 00:00:17]} Rc8 {[%clk 00:01:07]} {[%emt 00:00:43]}
39. Re7 {[%clk 00:01:26]} {[%emt 00:00:17]} Rc1 {[%clk 00:00:36]} {[%emt
00:01:01]} 40. Qh5+ {[%clk 00:01:46]} {[%emt 00:00:10]} 1-0